000 00446nam a2200181Ia 4500
001 30567
003 IN-NITTTR
005 20251114233412.0
008 251113s9999||||xx |||||||||||||| ||eng||
040 _beng
040 _cIN-NITTTR
041 _aeng
082 _a808 J56P
100 _aJindal, Suresh Kumar
245 0 _aPrabhavi takniki lakhan /
_cJindal, Suresh Kumar, Phooldeep Kumar
700 _a Phooldeep Kumar,
942 _2ddc
_cBK
999 _c33197
_d33197